| 000 -LEADER |
| fixed length control field |
00518nam a2200205Ia 4500 |
| 001 - CONTROL NUMBER |
| control field |
13952 |
| 003 - CONTROL NUMBER IDENTIFIER |
| control field |
GE_BSU |
| 008 - FIXED-LENGTH DATA ELEMENTS--GENERAL INFORMATION |
| fixed length control field |
181216s||||||||xx |||||||||||||| ||und|| |
| 040 ## - CATALOGING SOURCE |
| Transcribing agency |
GE_BSU |
| 080 ## - UNIVERSAL DECIMAL CLASSIFICATION NUMBER |
| Universal Decimal Classification number |
553.982 |
| 100 ## - MAIN ENTRY--PERSONAL NAME |
| Personal name |
Петров,Ал.А. |
| 245 ## - TITLE STATEMENT |
| Title |
Углеводороды нефти. |
| 245 ## - TITLE STATEMENT |
| Statement of responsibility, etc. |
Отв. ред. Н.С.Наметкин. |
| 260 ## - PUBLICATION, DISTRIBUTION, ETC. |
| Place of publication, distribution, etc. |
М. |
| 260 ## - PUBLICATION, DISTRIBUTION, ETC. |
| Name of publisher, distributor, etc. |
Наука. |
| 260 ## - PUBLICATION, DISTRIBUTION, ETC. |
| Date of publication, distribution, etc. |
1984. |
| 300 ## - PHYSICAL DESCRIPTION |
| Extent |
264 стр. 21 см. |
| 653 ## - INDEX TERM--UNCONTROLLED |
| Uncontrolled term |
Углеводороды нефти. |
| 942 ## - ADDED ENTRY ELEMENTS (KOHA) |
| Koha item type |
წიგნი |